KOHA-Header-6

Neural Network Models Of Conditioning And Action (Record no. 6462)

000 -LEADER
fixed length control field 00294nam a2200109Ia 4500
100 ## - MAIN ENTRY--AUTHOR NAME
Personal name Commons ,Michael L.
245 #0 - TITLE STATEMENT
Title Neural Network Models Of Conditioning And Action
260 ## - PUBLICATION, DISTRIBUTION, ETC. (IMPRINT)
Place of publication London
Name of publisher Lawrence Erlbaum
Year of publication 1991
300 ## - PHYSICAL DESCRIPTION
Number of Pages 359
942 ## - ADDED ENTRY ELEMENTS (KOHA)
Koha item type Books
Holdings
Withdrawn status Lost status Collection code Permanent Location Current Location Shelving location Date acquired Full call number Accession Number Koha item type
    Computer Networking MAJU MAJU   2019-09-07 005.5 143 Computer Networking

Powered by Koha